| 000 | 01146nam2a22002531 4500 | ||
|---|---|---|---|
| 001 | RU\NLR\INFOCOMM18\1000227206 | ||
| 005 | 20250617020211.0 | ||
| 035 | _a(NLR Aleph) 002362298 | ||
| 090 |
_a4546298 _c4546298 |
||
| 100 | _a20041123d1982 |||y0rusy50 ca | ||
| 101 | 0 | _arus | |
| 102 | _aRU | ||
| 105 | _ay ||||||||| | ||
| 200 | 1 |
_aОператоры советского художественного кино _fВ.В. Иванова |
|
| 210 |
_d1982 _aБ. м. |
||
| 461 | 0 |
_1001RU\NLR\INFOCOMM18\1000227162 _12001#$aИнформация$fВсесоюз. об-ние "Союзинформкино" Госкино СССР$v1982, №21(380) _94546190 _a"Союзинформкино", объединение _cМ. _d1981- _fВсесоюз. об-ние "Союзинформкино" Госкино СССР _tИнформация _v1982, №21(380) |
|
| 700 | 1 |
_4070 _aИванова _bВ. В. _cтеатровед _f1921-1996 _gВера Викторовна _9227557 _3RU\NLR\AUTH\770227613 |
|
| 801 | 1 |
_aRU _bInfoComm _c20041123 |
|
| 801 | 0 |
_aRU _bNLR _gPSBO |
|
| 852 |
_aNLR _jП49/1740 |
||
| 942 | _cISSUE | ||
| 980 | _aNB | ||
| 980 | _aRUSPER | ||